<?xml version="1.0" encoding="UTF-8"?><?xml-stylesheet type="text/xsl" href="static/style.xsl"?><OAI-PMH xmlns="http://www.openarchives.org/OAI/2.0/" xmlns:xsi="http://www.w3.org/2001/XMLSchema-instance" xsi:schemaLocation="http://www.openarchives.org/OAI/2.0/ http://www.openarchives.org/OAI/2.0/OAI-PMH.xsd"><responseDate>2026-04-28T07:02:48Z</responseDate><request verb="GetRecord" identifier="oai:riubu.ubu.es:10259/4195" metadataPrefix="marc">https://riubu.ubu.es/oai/request</request><GetRecord><record><header><identifier>oai:riubu.ubu.es:10259/4195</identifier><datestamp>2021-11-10T09:38:22Z</datestamp><setSpec>com_10259_4145</setSpec><setSpec>com_10259_5086</setSpec><setSpec>com_10259_2604</setSpec><setSpec>col_10259_4146</setSpec></header><metadata><record xmlns="http://www.loc.gov/MARC21/slim" xmlns:doc="http://www.lyncode.com/xoai" xmlns:xsi="http://www.w3.org/2001/XMLSchema-instance" xmlns:dcterms="http://purl.org/dc/terms/" xsi:schemaLocation="http://www.loc.gov/MARC21/slim http://www.loc.gov/standards/marcxml/schema/MARC21slim.xsd">
<leader>00925njm 22002777a 4500</leader>
<datafield tag="042" ind1=" " ind2=" ">
<subfield code="a">dc</subfield>
</datafield>
<datafield tag="720" ind1=" " ind2=" ">
<subfield code="a">Lobato, Teresa</subfield>
<subfield code="e">author</subfield>
</datafield>
<datafield tag="720" ind1=" " ind2=" ">
<subfield code="a">Greca Dufranc, Ileana María</subfield>
<subfield code="e">author</subfield>
</datafield>
<datafield tag="260" ind1=" " ind2=" ">
<subfield code="c">2005-04</subfield>
</datafield>
<datafield tag="520" ind1=" " ind2=" ">
<subfield code="a">A inovação científica e tecnológica do século XX foi esmagadora. Contudo, a nossa experiência docente permite-nos afirmar que as aprendizagens na escola secundária estão longe de acompanhar a evolução que se verifica na sociedade atual. No entanto, já estão a ser incluídos alguns conteúdos de Física Moderna nos currículos oficiais de vários países, parecendo evidenciar uma preocupação em atualizar a preparação dos jovens para o mundo que os rodeia. Neste artigo relatamos um estudo que fizemos acerca dos currículos de Física de alguns países, sobretudo no que diz respeito à Teoria Quântica, a grande invenção do século XX, tentando identificar os conteúdos selecionados e a maneira como estes se integram nas orientações curriculares gerais.</subfield>
</datafield>
<datafield tag="520" ind1=" " ind2=" ">
<subfield code="a">In the XXth century, scientific and technological innovation has been overwhelming. Our teaching&#xd;
profession lead us to believe that studies in High Schools do not follow the evolution of ideas that characterizes&#xd;
our modern society. However, some contents of Modern Physics are already included in the official curricula&#xd;
of several countries, which seem to be worried about the improvement of today’s youth training. In this paper&#xd;
we report a study made about Physics’ curricula in several countries, emphasizing Quantum Theory issues, the&#xd;
biggest invention of the XXth century, trying to identify the selected subjects selected and the way they fit into&#xd;
general curricula orientations.</subfield>
</datafield>
<datafield tag="024" ind2=" " ind1="8">
<subfield code="a">1516-7313</subfield>
</datafield>
<datafield tag="024" ind2=" " ind1="8">
<subfield code="a">http://hdl.handle.net/10259/4195</subfield>
</datafield>
<datafield tag="024" ind2=" " ind1="8">
<subfield code="a">10.1590/S1516-73132005000100010</subfield>
</datafield>
<datafield ind1=" " ind2=" " tag="653">
<subfield code="a">Currículos</subfield>
</datafield>
<datafield ind1=" " ind2=" " tag="653">
<subfield code="a">Teoria Quântica</subfield>
</datafield>
<datafield ind1=" " ind2=" " tag="653">
<subfield code="a">Ensino Secundário</subfield>
</datafield>
<datafield ind1=" " ind2=" " tag="653">
<subfield code="a">Curricula</subfield>
</datafield>
<datafield ind1=" " ind2=" " tag="653">
<subfield code="a">Quantum Theory</subfield>
</datafield>
<datafield ind1=" " ind2=" " tag="653">
<subfield code="a">High School</subfield>
</datafield>
<datafield tag="245" ind1="0" ind2="0">
<subfield code="a">Análise da inserção de conteúdos de Teoria quântica nos currículos de física do Ensino Médio</subfield>
</datafield>
</record></metadata></record></GetRecord></OAI-PMH>